000 00810cam a22002414a 4500
001 13507747
005 20180306061951.0
008 040302s2004 cau b 001 0 eng
010 _a 2004046130
020 _a1576752933
040 _aDLC
_cDLC
_dDLC
041 _aeng
042 _apcc
080 _a303.69 KAH
082 0 0 _a303.69 KAH
_222
100 1 _a58
101 _aBIZ
245 1 0 _aSolving tough problems :
_cAdam Kahane.
504 _aIncludes bibliographical references (p. [137]-139) and index.
906 _a7
_bcbc
_corignew
_d1
_eocip
_f20
_gy-gencatlg
942 _2ddc
_cBK
999 _c44157
_d44157